Statystyki dla Historyczne Stolice Polski

Kliknij tutaj aby rozwiązać quiz!

Ogólne statystyki

  • Ten quiz został rozwiązany 744 razy
  • Średni wynik to 4 z 5

Statystyki odpowiedzi

#Stolica Polski w Latach:Miasto% Poprawnych
2.1039 - 1079Kraków
100%
7.1815 - 1831, 1918 - 1939, od 1945Warszawa
100%
1.940 - 1039Gniezno
99%
5.1290 - 1296Poznań
76%
3.1079 - 1138Płock
53%

Rozkład punktacji

Percentyl według liczby udzielonych odpowiedzi

Procent ludzi z każdym wynikiem

Twoja historia wyników

Nie rozwiązałeś tego quizu